1949 1613 1913 1672 1036 1185 1574 1810 1090 1849 1169 1962 1947 1156 1261 1115 1516 1205 1172 1032 1161 1092 1621 1141 1173 1514 1598 1970 1838 1650 1172 1309 1494 1117 1392 1875 1366 1288 1870 1699 1419 1386 1687 1562 1481 1624 1977 1342 1447 1136 1608 1392 1978 1962 1109 1890 1872 1547 1631 1082 1320 1765 1639 1767 1565 1926 1914 1147 1998 1739 1768 1636 1905 1197 1291 1646 1986 1908 1517 1711 1578 1255 1954 1383 1510 1056 1751 1916 1875 1190 1392 1778 1247 1002 1360 1846 1350 1430 1502 BCNSPRNW ULIB Ver.6.0+V

เปลี่ยนเป็นภาษาไทย

Change to English
 แสดงรายละเอียดบรรณานุกรม
  กลับหน้าหลัก

Brief Record : Get Marc (ISO 2709) : E-mail record : QR code < ปิดหน้าต่าง
LEADER : 00000nam 2200000uu 4500
001    13399122463
003     ULIB
008    120402s2554||||th 000 0 tha d
020    ^a9786169077114
090    ^aนว.^bก791ท
100 0  ^aแก้วชวาลา
245 00 ^aเทพบุตรซาตาน/^cแก้วชวาลา
250    ^aพิมพ์ครั้งที่ 1
260    ^aกรุงเทพฯ :^bแก้วชวาลา,^c2554
300    ^a392 หน้า
945    ^p279^l0^i19952
995    ^aทศพร
999    ^aใช้งานได้ทุกระบบ
รายการนี้ยังไม่มีแท็ก
คุณยังไม่ได้ล็อกอิน คุณสามารถมีกิจกรรมร่วมกับเว็บไซต์ได้ แต่ต้องล็อกอินก่อน ::
  ล็อกอิน

รายการสื่อสารสนเทศ

ลำดับที่ ประเภท เลขเรียก/บาร์โค้ด สถานที่ สถานะ
1. นวนิยาย
นวนิยาย
นว. ก791ท ฉ.1 
  Barcode: 19952
ห้องสมุดวิทยาเขตสวรรค์ประชารักษ์
►นวนิยาย
บนชั้น
  ขอยืม

รายการใกล้เคียง
    ผู้แต่ง [แก้วชวาลา]

BibComment


ยังไม่เคยถูกคอมเมนท์

คอมเมนท์ทรัพยากรรายการนี้
  คอมเมนท์: เทพบุตรซาตาน แก้..


 Copyright 2026. Bcnsprnw @Library